000
00258nam a2200109Ia 4500
008
231212s1974 xx 000 0 und d
041
_a
eng
082
_a
621.381
100
_a
Mileat Harry
245
_a
Electronic Vol. V
260
_a
New Delhi
_b
D.B.Tar
_c
1974
999
_c
959216
_d
959216